[Event "FRA-chT Top 12 (Women)"]
[Site "Rennes"]
[Date "2007.05.12"]
[Round "3"]
[White "Boudot, Solene"]
[Black "Le Chequer, Laetitia"]
[Result "0-1"]
[WhiteElo "1230"]
[BlackElo "1610"]
[PlyCount "123"]
[EventDate "2007.05.11"]
[EventType "team-tourn"]
[EventRounds "5"]
[EventCountry "FRA"]
[SourceTitle "CBM 118 Extra"]
[Source "ChessBase"]
[SourceDate "2007.07.04"]
[SourceVersion "1"]
[SourceVersionDate "2007.07.04"]
[SourceQuality "1"]
[WhiteTeam "Paris JEEN"]
[BlackTeam "Guingamp"]
[WhiteTeamCountry "FRA"]
[BlackTeamCountry "FRA"]

1. d4 d5 2. e3 Nf6 3. Nf3 Nc6 4. Nbd2 Bd7 5. Bd3 e6 6. c3 Bd6 7. 0-0 Qe7 8. Qe2 e5 9. e4 0-0-0 10. Re1 Bg4 11. exd5 Nxd5 12. Bc2 Rhe8 13. Nc4 Nf4 14. Qe3 Nd5 15. Qe4 Nf6 16. Qe3 Qf8 17. Nfxe5 h5 18. Qg5 Nd5 19. Qh4 f6 20. Nd3 Rxe1+ 21. Nxe1 Be7 22. f3 Be6 23. Qxh5 Bf7 24. Qf5+ Kb8 25. Nd3 g6 26. Qg4 f5 27. Qg3 Qh8 28. Bg5 Nf6 29. Nde5 Nxe5 30. Nxe5 Be6 31. Bxf6 Qxf6 32. Nxg6 Rg8 33. Qe5 Rxg6 34. Qe2 Bd6 35. Re1 Qg7 36. Bb3 Bc8 37. Bc2 a6 38. a3 Re6 39. Qf2 Rg6 40. Re8 Qh6 41. h3 Qc1+ 42. Re1 Qf4 43. d5 Qh2+ 44. Kf1 Bg3 45. Qg1 Qxg1+ 46. Kxg1 Bxe1 47. Kf1 Bg3 48. Ke2 Rd6 49. c4 Be5 50. b3 c6 51. g4 fxg4 52. hxg4 Bf4 53. Kd3 Bc1 54. a4 cxd5 55. Kd4 dxc4+ 56. Kxc4 Be6+ 57. Kc5 Rc6+ 58. Kd4 Rxc2 59. Ke5 Bxb3 60. f4 Bxa4 61. f5 Bg5 62. Ke4 0-1